00821nam a2200181 a 4500001000500000005001700005008004100022020001800063050001800081100002100099245004700120260007000167300002400237520023500261650001300496999001900509952011100528113720140414131903.0041021s19uu xx 00 eng d a0-590-50581-5 aFICbAl1 1986 aAlexander, Lloyd aThe Illyrian adventure /cLloyd Alexander. aNew York :bBantam Doubleday Dell Books for Young Readers,c1986. a132 p. : ill. ; cm. aVesper Holly's going on the adventure of a lifetime! She and her guardian Brinnie are setting sail for the tiny country of Illyra to search for the legendary treasure and army of magical warriors that belonged to old King Vartan. aFiction. c110763d110763 00104050aMUbMUcFICd2004-10-21eDonationl0oFIC Al1 1986pM1246r2014-04-14 00:00:00w2014-04-14yBK